1569 1725 1319 1517 1853 1079 1457 1807 1972 1516 1150 1410 1798 1436 1043 1584 1329 1494 1076 1321 1916 1838 1231 1438 1247 1890 1596 1431 1092 2000 1218 1749 1894 1196 1252 1899 1919 1542 1381 1353 1935 1025 1543 1925 1323 1771 1508 1088 1761 1372 1802 1181 1006 1870 1703 1016 1465 1167 1498 1642 1016 1362 1932 1927 1736 1705 1569 1256 1609 1964 1348 1949 1021 1821 1208 1340 1875 1749 1153 1498 1974 1426 1088 1118 1809 1009 1062 1970 1074 1603 1252 1507 1646 1934 1931 1689 1634 1446 1798 BCNSPRNW ULIB Ver.6.0+V

เปลี่ยนเป็นภาษาไทย

Change to English
 แสดงรายละเอียดบรรณานุกรม
  กลับหน้าหลัก

Brief Record : Get Marc (ISO 2709) : E-mail record : QR code < ปิดหน้าต่าง
LEADER : 00000nam 2200000uu 4500
001    13399128622
003     ULIB
008    230921s2564||||th 000 0 tha d
020    ^a9786168032169
060    ^aWJ302^bC736
245    ^aComperhensive review of nephrology/^cโอภาส ไตรตานนท์ และคณะ,บรรณาธิการ
250    ^aพิมพ์ครั้งที่ 1
260    ^aกรุงเทพฯ :^bบริษัท เท็กซ์ แอนด์ เจอร์นัล พับลิเคชั่น จำกัด,^c2564
300    ^a682 หน้า;^b26 ซม.
650    ^aโรคไต
945    ^p1000^l0^i29882
945    ^p1000^l0^i29883
999    ^aกัณชพร จุลอักษร
รายการนี้ยังไม่มีแท็ก
คุณยังไม่ได้ล็อกอิน คุณสามารถมีกิจกรรมร่วมกับเว็บไซต์ได้ แต่ต้องล็อกอินก่อน ::
  ล็อกอิน

รายการสื่อสารสนเทศ

ลำดับที่ ประเภท เลขเรียก/บาร์โค้ด สถานที่ สถานะ
1. หนังสือสำรอง
หนังสือสำรอง
WJ302 C736 ฉ.1 
  Barcode: 29882
ห้องสมุดวิทยาเขตนครสวรรค์
►หนังสือทั่วไป:l:General Books
ถูกยืม กำหนดส่งวันที่ 10 เมษายน 2569
  จอง
2. วิทยาศาสตร์การแพทย์ และสุขภาพ
วิทยาศาสตร์การแพทย์ และสุขภาพ
WJ302 C736 ฉ.2 
  Barcode: 29883
ห้องสมุดวิทยาเขตนครสวรรค์
►หนังสือทั่วไป:l:General Books
ถูกยืม กำหนดส่งวันที่ 19 พฤษภาคม 2569
  จอง

รายการใกล้เคียง
    หัวเรื่อง [โรคไต]

BibComment


ยังไม่เคยถูกคอมเมนท์

คอมเมนท์ทรัพยากรรายการนี้
  คอมเมนท์: Comperhensive re..


 Copyright 2026. Bcnsprnw @Library